Reflexiones sobre la filiación ilegítima en derecho español

Na minha lista:
Detalhes bibliográficos
Autor principal: Cámara Alvarez, Manuel de la (Author)
Formato: Livro
Idioma:espanhol
Publicado em: Madrid Tecnos 1975
Colecção:Biblioteca Tecnos de Estudios Jurídicos
Assuntos:
Tags: Adicionar Tag
Sem tags, seja o primeiro a adicionar uma tag!

MARC

LEADER 00000nam a2200000 a 4500
001 UCS1307
003 CL-VaPUC
008 970509e19750000SP |||||||||||||||||spa|d
082 0 4 |a 346.017  |b CAM  |2 21 
100 0 |a Cámara Alvarez, Manuel de la  |e author  |9 385653 
245 1 0 |a Reflexiones sobre la filiación ilegítima en derecho español 
300 |a 274 p 
942 |c BK 
945 |d 19970509 00:00:00  |a paguirre 
260 |a Madrid  |b Tecnos  |c 1975 
650 0 |a Derecho civil  |9 255013 
650 0 |a Derecho de familia  |9 255603 
650 0 |a Filiación  |9 256647 
650 7 |a FILIACION ILEGITIMA  |2 CL-VaPUC  |9 385163 
651 0 |a España  |9 254926 
583 |a last modification  |c 19970509 00:00:00  |k Rodrigo Vera 
490 0 |a Biblioteca Tecnos de Estudios Jurídicos 
999 |c 259404  |d 259402 
952 |0 0  |1 0  |4 0  |6 346_017000000000000_CAM_1975  |7 0  |8 A  |9 284121  |a BIBDER  |b BIBDER  |d 2019-11-19  |i 1843958  |o 346.017 CAM 1975  |p 1843958  |r 2023-01-25  |w 2019-11-19  |y BK  |k DER